| 000 | 01414nam a22003737a 4500 | ||
|---|---|---|---|
| 003 | EG-ScBUE | ||
| 005 | 20220612102629.0 | ||
| 008 | 140921t2013 maua f 000 0 eng d | ||
| 020 | _a9781133317074 | ||
| 020 | _a1133317074 | ||
| 040 |
_aEG-ScBUE _beng _erda _cEG-ScBUE _dEG-ScBUE |
||
| 082 | 0 | 4 |
_a428.2076 _bBLA _222 |
| 100 | 1 |
_aBlass, Laurie _d1952- _eauthor. _934715 |
|
| 245 | 1 | 0 |
_aPathways 2 : _breading, writing and critical thinking, _pTeacher's guide / _cLaurie Blass, Mari Vargo, Ingrid Wisniewska. |
| 246 | 3 |
_aPathways two : _breading, writing and critical thinking |
|
| 246 | 3 | 0 | _aTeacher's guide |
| 264 | 1 |
_aBoston, MA : _bNational Geographic Learning, _c[2013] |
|
| 264 | 4 | _cc2013 | |
| 300 |
_axiii, 110 pages : _billustrations ; _c28 cm |
||
| 336 |
_2rdacontent _atext _btxt |
||
| 337 |
_2rdamedia _aunmediated _bn |
||
| 338 |
_2rdacarrier _avolume _bnc |
||
| 590 | _aMohamed Hussein | ||
| 650 | 7 |
_aEnglish language _xRhetoric _vProblems, exercises, etc. _2BUEsh |
|
| 650 | 7 |
_aReport writing _vProblems, exercises, etc. _2BUEsh _934106 |
|
| 650 | 7 |
_aCritical thinking _vProblems, exercises, etc. _2BUEsh _934632 |
|
| 651 | _2BUEsh | ||
| 653 |
_cSeptember2014 _bHHUUEENN |
||
| 655 |
_vReading book _934232 |
||
| 700 | 1 |
_aVargo, Mari _d1952- _eauthor. _936085 |
|
| 700 | 1 |
_aWisniewska, Ingrid, _eauthor. _935968 |
|
| 710 | 2 |
_aNational Geographic Learning (Firm) _935969 |
|
| 942 |
_2ddc _cTR _k428.0071 BLA |
||
| 999 |
_c18394 _d18366 |
||